Southville International School and Colleges
Your cart is empty.
  • Cart
  • Lists
    Public lists Eva Luna New books Lux_list list_1
    Your lists Log in to create your own lists
  • Log in to your account
  • Your cookies
  • Search history
Southville International School and Colleges
  • Advanced search
  • Recent comments
  • Most popular
  • Libraries

Log in to your account

Log in with GOOGLE


If you do not have an external account, but do have a local account, you can still log in:

  1. Home
  2. MARC view: Do it! :
Normal view MARC view ISBD view

Do it! : (Record no. 8590)

[ view plain ]
MARC details
000 -LEADER
fixed length control field 00609cam a2200205 a 4500
003 - CONTROL NUMBER IDENTIFIER
control field OSt
005 - DATE AND TIME OF LATEST TRANSACTION
control field 20140310182032.0
008 - FIXED-LENGTH DATA ELEMENTS--GENERAL INFORMATION
fixed length control field 970411s1994 cau 001 0 eng
020 ## - INTERNATIONAL STANDARD BOOK NUMBER
International Standard Book Number 0931580633 (hardcover)
050 00 - LIBRARY OF CONGRESS CALL NUMBER
Classification number BF 637.S8
Item number .M478 1994
082 00 - DEWEY DECIMAL CLASSIFICATION NUMBER
Classification number HS 170
Item number Mc25 1991
100 1# - MAIN ENTRY--PERSONAL NAME
Personal name McWilliams, Peter.
9 (RLIN) 10338
245 10 - TITLE STATEMENT
Title Do it! :
Remainder of title let's get off our buts /
Statement of responsibility, etc Peter McWilliams
260 ## - PUBLICATION, DISTRIBUTION, ETC. (IMPRINT)
Place of publication, distribution, etc Los Angeles, Calif. :
Name of publisher, distributor, etc Prelude Press,
Date of publication, distribution, etc c1994.
300 ## - PHYSICAL DESCRIPTION
Extent 561 p. ;
Dimensions 22 cm.
440 #0 - SERIES STATEMENT/ADDED ENTRY--TITLE
Title Life 101 series.
9 (RLIN) 10339
650 #0 - SUBJECT ADDED ENTRY--TOPICAL TERM
Topical term or geographic name as entry element Success
General subdivision Psychological aspects.
9 (RLIN) 10340
942 ## - ADDED ENTRY ELEMENTS (KOHA)
Source of classification or shelving scheme Library of Congress Classification
Koha item type
Holdings
Withdrawn status Lost status Source of classification or shelving scheme Damaged status Home library Current library Shelving location Date acquired Total Checkouts Full call number Barcode Date last seen Date checked out Copy number Price effective from Koha item type
    Library of Congress Classification   Luxembourg Library Luxembourg Library High School Section 08/14/2013 1 BF 637.S8 .M478 1994 6707 01/07/2020 10/04/2018 1 08/14/2013 Books

Do it! :

APA

McWilliams P., . (1994). Do it!. Los Angeles, Calif: Prelude Press.

Chicago

McWilliams Peter, . 1994. Do it!. Los Angeles, Calif: Prelude Press.

Harvard

McWilliams P., . (1994). Do it!. Los Angeles, Calif: Prelude Press.

MLA

McWilliams Peter, . Do it!. Los Angeles, Calif: Prelude Press. 1994.

  • Place hold
  • Print
  • Cite
  • Add to your cart (remove)
  • Save record
    BIBTEX Dublin Core MARCXML MARC (non-Unicode/MARC-8) MARC (Unicode/UTF-8) MARC (Unicode/UTF-8, Standard) MODS (XML) RIS
  • More searches
    Search for this title in:
    Other Libraries (WorldCat) Other Databases (Google Scholar) Online Stores (Bookfinder.com) Open Library (openlibrary.org)

Exporting to Dublin Core...

SOUTHVILLE LIBRARY

Southville International School and Colleges Library

1281 Tropical Ave. Cor. Luxembourg St., BF Homes International, Las Pinas City

Tel. No. 8256374 / 252358 Loc. 117/146

Powered by Koha